| 000 | 00575ata a2200241 4500 | ||
|---|---|---|---|
| 005 | 20231011112321.0 | ||
| 008 | 150520b xxu||||| |||| 00| 0 spa d | ||
| 041 | _aspa | ||
| 082 | _a155.23 H412a | ||
| 100 |
_aHay, Louise _929061 |
||
| 245 | _aAmar sin condiciones | ||
| 260 | _aEspaña | ||
| 260 | _bURANO | ||
| 260 | _c1988 | ||
| 300 | _a215 páginas | ||
| 650 | _aSUPERACIÓN PERSONAL | ||
| 650 | _aACTITUD POSITIVA | ||
| 650 | _aPERDÓN | ||
| 650 | _aSEXUALIDAD | ||
| 650 | _aMUERTE | ||
| 650 | _aENFERMEDAD | ||
| 942 |
_cLIT _2ddc |
||
| 999 |
_c5824 _d5824 |
||